| 000 | 00586nam a22001817a 4500 | ||
|---|---|---|---|
| 999 |
_c192421 _d192421 |
||
| 005 | 20220921150050.0 | ||
| 010 | _aENG-135166 | ||
| 020 | _c500.00 | ||
| 035 | _aEN-118698 | ||
| 037 | _bDBAD / PUB | ||
| 082 | _a300.72 | ||
| 100 | _aAkanksha singh | ||
| 245 |
_aQualitative Research and Phenomenology/ _cAkanksha singh |
||
| 260 |
_aLucknow _bBharat Book Centre _c2016 |
||
| 270 |
_bLuckhnow _a17, Ashok Marg _e226001 _k9415102821 _mbharatbookcentre@yahoo.com |
||
| 300 |
_a175p. _c21cm(hb). _bConclusion, Reference and Bibliography |
||
| 942 |
_2ddc _cEN _mAKA _h300.72 |
||